[Event "World Rapid 2019"]
[Site "Moscow RUS"]
[Date "2019.12.26"]
[Round "2.5"]
[White "Fridman, Daniel"]
[Black "Fedoseev, Vladimir3"]
[Result "1-0"]
[WhiteTitle "GM"]
[BlackTitle "GM"]
[WhiteElo "2616"]
[BlackElo "2677"]
[WhiteFideId "11600454"]
[BlackFideId "24130737"]
[EventDate "2019.12.26"]
[EventType "rapid"]

1. d4 d5 2. Nf3 Nf6 3. c4 e6 4. g3 Bb4+ 5. Nc3 O-O 6. Bg2 dxc4 7. O-O Bd7 8. Ne5
Bc6 9. e4 Bxc3 10. Nxc6 Nxc6 11. bxc3 e5 12. d5 Na5 13. Ba3 Re8 14. Bb4 b6 15.
Bxa5 bxa5 16. Qa4 Qd6 17. Rab1 Reb8 18. Qxa5 Rb6 19. Rb4 Ra6 20. Qb5 Rxa2 21.
Rxc4 Ne8 22. Qb7 Qd8 23. Qb3 Ra6 24. Rb4 Nd6 25. f4 Qe8 26. fxe5 Qxe5 27. Rb8+
Rxb8 28. Qxb8+ Ne8 29. Bh3 Rd6 30. Be6 Rxe6 31. dxe6 Qxe6 32. Qxa7 Qxe4 33. Qd4
Qe7 34. c4 Nf6 35. Rd1 Qe6 36. Qd8+ Ne8 37. Qd5 Qe7 38. Kf2 g6 39. Qd8 Qc5+ 40.
Qd4 Qc6 41. Qd5 Qb6+ 42. c5 Qf6+ 43. Kg2 Qe7 44. Rd2 h5 45. Qd4 Qe6 46. Qd5 Qe7
47. Kf1 Kg7 48. Re2 Qf6+ 49. Kg2 h4 50. Rxe8 h3+ 51. Kxh3 Qf1+ 52. Kg4 f5+ 53.
Kh4 g5+ 54. Kxg5 Qc1+ 55. Kxf5 1-0

[Event "World Rapid 2019"]
[Site "Moscow RUS"]
[Date "2019.12.26"]
[Round "2.10"]
[White "Karjakin, Sergey"]
[Black "Sasikiran, Krishnan"]
[Result "1-0"]
[WhiteTitle "GM"]
[BlackTitle "GM"]
[WhiteElo "2754"]
[BlackElo "2656"]
[WhiteFideId "14109603"]
[BlackFideId "5004985"]
[EventDate "2019.12.26"]
[EventType "rapid"]

1. e4 e5 2. Nf3 Nc6 3. Bc4 Bc5 4. c3 Nf6 5. d3 d6 6. O-O h6 7. Nbd2 a6 8. a4 Ba7
9. Re1 O-O 10. h3 Re8 11. b4 Qe7 12. Nf1 Be6 13. Be3 Bxe3 14. Nxe3 Qd7 15. Bxe6
Qxe6 16. Rb1 Ne7 17. c4 Rac8 18. a5 Ng6 19. Kh2 c6 20. g3 Rcd8 21. Nd2 d5 22.
Qc2 Ne7 23. Nb3 d4 24. Nc5 Qc8 25. Ng2 Nd7 26. f4 f5 27. Ne6 fxe4 28. Nxd8 Qxd8
29. Rxe4 Ng6 30. fxe5 Ngxe5 31. Qe2 Qg5 32. Re1 Kh7 33. Nh4 Rf8 34. Rxe5 Nxe5
35. Qxe5 Rf2+ 36. Kg1 1-0

[Event "World Rapid 2019"]
[Site "Moscow RUS"]
[Date "2019.12.26"]
[Round "2.11"]
[White "Postny, Evgeny"]
[Black "Andreikin, Dmitry"]
[Result "1-0"]
[WhiteTitle "GM"]
[BlackTitle "GM"]
[WhiteElo "2605"]
[BlackElo "2724"]
[WhiteFideId "2804344"]
[BlackFideId "4158814"]
[EventDate "2019.12.26"]
[EventType "rapid"]

1. d4 Nf6 2. c4 e6 3. Nf3 a6 4. Nc3 d5 5. cxd5 exd5 6. Bg5 Be6 7. e3 Nbd7 8. h3
h6 9. Bf4 Bf5 10. Bd3 Bxd3 11. Qxd3 Be7 12. O-O-O c5 13. dxc5 Nxc5 14. Qf5 Qc8
15. Qxc8+ Rxc8 16. Kb1 Nfe4 17. Nxe4 dxe4 18. Ne5 Rg8 19. Bg3 g5 20. Rd5 f6 21.
Rc1 fxe5 22. b4 Rg6 23. bxc5 Rgc6 24. Rxe5 Kf7 25. Rxe4 Bxc5 26. Rec4 Rb6+ 27.
Kc2 Ke6 28. Kd3 Rbc6 29. Ke2 b5 30. R4c2 a5 31. f3 b4 32. e4 a4 33. Bf2 b3 34.
axb3 axb3 35. Rxc5 Rxc5 36. Bxc5 b2 37. Rb1 Rxc5 38. Rxb2 h5 39. h4 gxh4 40. Ke3
Rg5 41. Kf4 Rg3 42. Rb6+ Kf7 43. Rh6 Rxg2 44. Rxh5 Rh2 45. Kg4 Rg2+ 46. Kxh4 Kf6
47. Rb5 Rg1 48. Rf5+ Kg6 49. Rf4 1-0

[Event "World Rapid 2019"]
[Site "Moscow RUS"]
[Date "2019.12.26"]
[Round "2.12"]
[White "Jakovenko, Dmitry"]
[Black "Moiseenko, Vadim"]
[Result "1/2-1/2"]
[WhiteTitle "GM"]
[BlackTitle "GM"]
[WhiteElo "2698"]
[BlackElo "2526"]
[WhiteFideId "4122356"]
[BlackFideId "4123700"]
[EventDate "2019.12.26"]
[EventType "rapid"]

1. e4 e5 2. Nf3 Nc6 3. Bc4 Nf6 4. d3 Be7 5. O-O O-O 6. Re1 d6 7. a3 Kh8 8. h3
Ng8 9. d4 f5 10. d5 fxe4 11. Rxe4 Nb8 12. Nc3 Bf5 13. Re1 Qe8 14. Bd3 Qg6 15.
Bxf5 Rxf5 16. Be3 a6 17. Ne4 Nd7 18. c4 Raf8 19. Ng3 Rxf3 20. gxf3 Bg5 21. Kh2
Bf4 22. Rg1 Qh6 23. Qd2 Qh4 24. Rg2 Rf6 25. Kg1 Nc5 26. Re1 Ne7 27. b4 Nd7 28.
c5 Ng6 29. cxd6 cxd6 30. Qc2 Bxe3 31. fxe3 Rxf3 32. Qe4 Rxg3 33. Qxh4 Rxg2+ 34.
Kxg2 Nxh4+ 35. Kf2 h5 36. Rc1 Nf6 37. Rc7 b5 38. Rc6 Ne4+ 39. Ke2 g5 40. Kd3
Nf2+ 41. Ke2 Ne4 42. Kd3 Nf2+ 43. Ke2 Ne4 1/2-1/2

[Event "World Rapid 2019"]
[Site "Moscow RUS"]
[Date "2019.12.26"]
[Round "2.14"]
[White "Giri, Anish"]
[Black "Riazantsev, Alexander"]
[Result "1/2-1/2"]
[WhiteTitle "GM"]
[BlackTitle "GM"]
[WhiteElo "2769"]
[BlackElo "2639"]
[WhiteFideId "24116068"]
[BlackFideId "4125029"]
[EventDate "2019.12.26"]
[EventType "rapid"]

1. Nf3 d5 2. d4 Nf6 3. c4 e6 4. Nc3 Bb4 5. cxd5 exd5 6. Bg5 h6 7. Bxf6 Qxf6 8.
Qa4+ Nc6 9. e3 O-O 10. Be2 Rd8 11. O-O Bf8 12. Rfc1 a6 13. Qd1 Ne7 14. Na4 c6
15. Nb6 Rb8 16. Nxc8 Nxc8 17. Bd3 Bd6 18. g3 Nb6 19. Kg2 Nd7 20. h4 Re8 21. h5
Qd8 22. Nh4 Nf6 23. Nf5 Bf8 24. Rc2 Ne4 25. Qg4 Qf6 26. Rh1 Nd6 27. Rh4 Nxf5 28.
Bxf5 Bd6 29. Rh1 Re7 30. Rc3 a5 31. a3 Rc7 32. Bb1 Qe6 33. Qf3 Rf8 34. e4 dxe4
35. Bxe4 Qf6 36. Qxf6 gxf6 37. d5 cxd5 38. Rxc7 Bxc7 39. Bxd5 Rd8 40. Bxb7 Rb8
41. Be4 Rxb2 42. Rb1 1/2-1/2

[Event "World Rapid 2019"]
[Site "Moscow RUS"]
[Date "2019.12.26"]
[Round "2.15"]
[White "Quparadze, Giga"]
[Black "Yu, Yangyi"]
[Result "1/2-1/2"]
[WhiteTitle "GM"]
[BlackTitle "GM"]
[WhiteElo "2462"]
[BlackElo "2738"]
[WhiteFideId "13602250"]
[BlackFideId "8603820"]
[EventDate "2019.12.26"]
[EventType "rapid"]

1. e4 c5 2. Nf3 e6 3. d4 cxd4 4. Nxd4 Nc6 5. Nc3 Qc7 6. Be2 Nf6 7. O-O Be7 8.
Be3 O-O 9. f4 d6 10. Kh1 a6 11. a4 Re8 12. Bf3 Rb8 13. Qd2 Nxd4 14. Bxd4 e5 15.
Be3 exf4 16. Bxf4 Be6 17. Rfd1 Rbd8 18. a5 h6 19. Ne2 Bf8 20. Be3 Qc8 21. Bb6
Rd7 22. Bd4 d5 23. exd5 Nxd5 24. c3 Qc7 25. Ng3 Ne7 26. Qf2 Nc6 27. Bb6 Qc8 28.
Re1 Qb8 29. Nh5 Ne5 30. Qg3 Ng6 31. Qxb8 Rxb8 32. Rad1 Rxd1 33. Rxd1 Nh4 34. Be2
Re8 35. Rd8 Rxd8 36. Bxd8 Ng6 37. Bf3 Bc8 38. Bc7 Bc5 39. Ng3 f5 40. Nf1 Kf7 41.
Nd2 Ke7 42. Nc4 Nh4 43. Bb6 Bd6 44. Bd5 Be6 45. Bd8+ Kxd8 46. Bxe6 Bc7 47. g3
Ng6 48. Bxf5 Ne5 49. Nxe5 Bxe5 50. Be4 Kc8 51. Bf5+ Kb8 52. Kg2 Bc7 53. Kf3 Bxa5
54. Ke4 Bb6 55. Kd5 Bg1 56. h3 Be3 57. c4 Kc7 58. c5 a5 59. b3 Bf2 60. g4 g5 61.
Bg6 Bg1 62. Be4 Bf2 63. Bg6 Bg1 1/2-1/2

[Event "World Rapid 2019"]
[Site "Moscow RUS"]
[Date "2019.12.26"]
[Round "2.16"]
[White "Nepomniachtchi, Ian"]
[Black "Ganguly, Surya Shekhar"]
[Result "1-0"]
[WhiteTitle "GM"]
[BlackTitle "GM"]
[WhiteElo "2767"]
[BlackElo "2633"]
[WhiteFideId "4168119"]
[BlackFideId "5002150"]
[EventDate "2019.12.26"]
[EventType "rapid"]

1. c4 Nf6 2. Nc3 e6 3. e4 d5 4. e5 d4 5. exf6 dxc3 6. bxc3 Qxf6 7. d4 b6 8. Be2
Bb7 9. Bf3 Bxf3 10. Nxf3 Bd6 11. Qa4+ c6 12. O-O O-O 13. Rb1 Bc7 14. Re1 Qf5 15.
Ba3 Rc8 16. Rbd1 b5 17. cxb5 cxb5 18. Qb3 Qd5 19. Qxd5 exd5 20. Re7 Ba5 21. Rb7
a6 22. Ne5 Nc6 23. Nxc6 Rxc6 24. Bb4 Bxb4 25. cxb4 Re8 26. g3 Rc2 27. a3 g6 28.
Rd3 Rec8 29. Rf3 R2c7 30. Rxc7 Rxc7 31. Rf6 Rc4 32. Rxa6 Rxd4 33. Ra5 Rd3 34.
Rxb5 Rxa3 35. Rxd5 h5 36. h4 Kg7 37. Rd4 Kf6 38. Kf1 Ra2 39. Ke1 Rb2 40. Rf4+
Ke5 41. Kd1 f6 42. Kc1 Ra2 43. b5 g5 44. Rb4 Ra7 45. b6 Rb7 46. Kd2 Kd5 47. Ke3
Kc5 48. Rb1 Kc6 49. Ke4 gxh4 50. gxh4 Re7+ 51. Kf5 Kb7 52. f4 1-0

[Event "World Rapid 2019"]
[Site "Moscow RUS"]
[Date "2019.12.26"]
[Round "2.17"]
[White "Yuffa, Daniil"]
[Black "Le, Quang Liem"]
[Result "0-1"]
[WhiteTitle "GM"]
[BlackTitle "GM"]
[WhiteElo "2566"]
[BlackElo "2713"]
[WhiteFideId "24131423"]
[BlackFideId "12401137"]
[EventDate "2019.12.26"]
[EventType "rapid"]

1. d4 Nf6 2. c4 e6 3. g3 d5 4. Bg2 dxc4 5. Nf3 Nc6 6. O-O Rb8 7. Nc3 b5 8. Ne5
Nxe5 9. dxe5 Nd7 10. Qc2 Bb7 11. Bxb7 Rxb7 12. Rd1 Qc8 13. a4 b4 14. Ne4 c3 15.
bxc3 b3 16. Qb1 Nxe5 17. a5 Be7 18. a6 Rb5 19. Be3 O-O 20. Ra4 c5 21. Bf4 c4 22.
Rd4 Nc6 23. Rdxc4 Qd7 24. Nd2 e5 25. Be3 Rfb8 26. Qd3 Rd5 27. Qb1 b2 28. Kg2
Rxd2 29. Bxd2 Qxd2 0-1

[Event "World Rapid 2019"]
[Site "Moscow RUS"]
[Date "2019.12.26"]
[Round "2.18"]
[White "Smirin, Ilia"]
[Black "Matlakov, Maxim"]
[Result "1-0"]
[WhiteTitle "GM"]
[BlackTitle "GM"]
[WhiteElo "2607"]
[BlackElo "2699"]
[WhiteFideId "2801990"]
[BlackFideId "4168003"]
[EventDate "2019.12.26"]
[EventType "rapid"]

1. e4 e5 2. Nf3 Nc6 3. Bb5 a6 4. Ba4 Nf6 5. O-O Bc5 6. c3 b5 7. Bb3 d6 8. d4 Bb6
9. Be3 O-O 10. Nbd2 Re8 11. Re1 Na5 12. Bc2 c5 13. h3 cxd4 14. cxd4 exd4 15.
Nxd4 Bb7 16. Nf5 Bxe3 17. Rxe3 g6 18. Nd4 Rc8 19. a4 Qb6 20. N4f3 b4 21. Bd3 d5
22. e5 Nd7 23. Rc1 Nc5 24. Bb1 b3 25. Ng5 d4 26. Re1 d3 27. Qg4 h6 28. Ngf3 Rcd8
29. Qf4 Bxf3 30. Nxf3 Ne6 31. Qxh6 Qb4 32. Red1 Qe4 33. Rc3 Nf4 34. Bxd3 Rxd3
35. Rcxd3 Nxd3 36. Ng5 Qf4 37. Rxd3 Qc1+ 38. Kh2 Qf4+ 39. Rg3 Rxe5 40. Qh7+ Kf8
41. Nxf7 Re7 42. Ng5 Qxg3+ 43. Kxg3 Rxh7 44. Nxh7+ Ke7 45. Ng5 Nc4 46. Ne4 Nxb2
47. Nc5 Kd6 48. Nxb3 Nxa4 49. Kf4 Ke6 50. g4 Kf6 51. h4 Nb2 52. g5+ Kf7 53. Ke4
Nc4 54. Kd5 Nb6+ 55. Kc5 Nd7+ 56. Kd6 Nb6 57. Na5 Nc8+ 58. Ke5 Nb6 59. f4 Nd7+
60. Kd6 Nb6 61. Nb7 Nc4+ 62. Kd5 Ne3+ 63. Ke5 Ng2 64. Nd6+ Kg7 65. h5 gxh5 66.
f5 h4 67. f6+ Kg6 68. f7 Kg7 69. g6 h3 70. Ne8+ Kf8 71. Kf6 1-0

[Event "World Rapid 2019"]
[Site "Moscow RUS"]
[Date "2019.12.26"]
[Round "2.19"]
[White "Bosiocic, Marin"]
[Black "Safarli, Eltaj"]
[Result "1/2-1/2"]
[WhiteTitle "GM"]
[BlackTitle "GM"]
[WhiteElo "2623"]
[BlackElo "2601"]
[WhiteFideId "14507927"]
[BlackFideId "13402129"]
[EventDate "2019.12.26"]
[EventType "rapid"]

1. c4 Nf6 2. Nc3 g6 3. e4 e5 4. Nf3 Bg7 5. Be2 O-O 6. O-O Re8 7. d3 d6 8. h3
Nbd7 9. Be3 Nf8 10. b4 Ne6 11. Nd5 c6 12. Nxf6+ Bxf6 13. Rb1 d5 14. Re1 b6 15.
exd5 cxd5 16. cxd5 Nc7 17. Bf1 Nxd5 18. Bd2 Bb7 19. Qb3 Qd7 20. Rbc1 Nf4 21. d4
Bxf3 22. Qxf3 Qxd4 23. Red1 Qd5 24. Qxd5 Nxd5 25. Bh6 Red8 26. a3 Nf4 27. Rxd8+
Rxd8 28. Rc7 Ne6 29. Rxa7 Bg5 30. Bxg5 Nxg5 31. a4 Rd1 32. f3 e4 33. Kf2 e3+ 34.
Ke2 Rb1 35. a5 bxa5 36. bxa5 Ne6 37. a6 Rb3 38. Rd7 Nf4+ 39. Ke1 Ra3 40. g3 e2
41. Bxe2 Nxe2 42. a7 Nxg3 43. Rd8+ Kg7 44. a8=Q Rxa8 45. Rxa8 h5 46. Kf2 Nf5 47.
f4 Nd4 48. Ke3 Nf5+ 49. Ke4 Kf6 50. Ra6+ Kg7 51. Ke5 Nh4 52. Rd6 Nf3+ 53. Ke4
Nh4 54. Rd1 Nf5 55. Ke5 Ne3 56. Rg1 Nf5 57. Ke4 Kf6 58. Ra1 Ng3+ 59. Kf3 Nf5 60.
Ra6+ Kg7 61. Ra5 Kf6 62. Ke4 Ng3+ 63. Kf3 Nf5 64. Ra6+ Kg7 65. Ke4 Ng3+ 66. Ke5
Nf5 67. Rb6 Nh4 68. Ke4 1/2-1/2

[Event "World Rapid 2019"]
[Site "Moscow RUS"]
[Date "2019.12.26"]
[Round "2.20"]
[White "Motylev, Alexander"]
[Black "Indjic, Aleksandar"]
[Result "1-0"]
[WhiteTitle "GM"]
[BlackTitle "GM"]
[WhiteElo "2640"]
[BlackElo "2619"]
[WhiteFideId "4121830"]
[BlackFideId "911925"]
[EventDate "2019.12.26"]
[EventType "rapid"]

1. e4 e5 2. Nf3 Nc6 3. Bb5 g6 4. O-O Bg7 5. c3 d6 6. h3 Bd7 7. d4 Nf6 8. Re1 O-O
9. d5 Ne7 10. Bxd7 Nxd7 11. c4 h6 12. Nc3 f5 13. Rb1 a5 14. a3 Nf6 15. b4 axb4
16. axb4 Nxe4 17. Nxe4 fxe4 18. Rxe4 b5 19. Qd3 bxc4 20. Rxc4 Qb8 21. b5 Qb7 22.
Be3 Qxd5 23. Qc2 Nf5 24. Rxc7 e4 25. Rd1 Qxb5 26. Qxe4 Rae8 27. Qc2 Nxe3 28.
fxe3 Qb6 29. Kh1 Rxe3 30. Rb1 Qa5 31. Qc4+ d5 32. Rxg7+ Kxg7 33. Qd4+ 1-0

[Event "World Rapid 2019"]
[Site "Moscow RUS"]
[Date "2019.12.26"]
[Round "2.21"]
[White "Savchenko, Boris"]
[Black "Jobava, Baadur"]
[Result "1-0"]
[WhiteTitle "GM"]
[BlackTitle "GM"]
[WhiteElo "2577"]
[BlackElo "2604"]
[WhiteFideId "4147332"]
[BlackFideId "13601520"]
[EventDate "2019.12.26"]
[EventType "rapid"]

1. e4 e5 2. Nf3 Nf6 3. Nxe5 d6 4. Nf3 Nxe4 5. Nc3 Nxc3 6. dxc3 Be7 7. Bf4 O-O 8.
Qd2 Nc6 9. h4 Bg4 10. O-O-O Qd7 11. Bd3 h5 12. Rde1 Rae8 13. Be4 Bf5 14. Qd5
Bxe4 15. Rxe4 Bf6 16. Rxe8 Rxe8 17. Qxh5 Re4 18. Be3 Ne5 19. Nxe5 dxe5 20. g3
Qd5 21. Qf3 Rd4 22. Qxd5 Rxd5 23. Bxa7 g5 24. hxg5 Bxg5+ 25. Be3 Bxe3+ 26. fxe3
Rd6 27. Rh5 f6 28. a4 Kg7 29. a5 Ra6 30. b4 b6 31. axb6 Rxb6 32. Rh4 Rd6 33. Rc4
Rd7 34. Rc6 Kg6 35. c4 Kg5 36. b5 f5 37. c5 e4 38. b6 cxb6 39. cxb6 Kg4 40. Rc7
Rd6 41. b7 Rb6 42. c4 Kxg3 43. c5 1-0

[Event "World Rapid 2019"]
[Site "Moscow RUS"]
[Date "2019.12.26"]
[Round "2.22"]
[White "Aravindh, Chithambaram VR."]
[Black "Alekseenko, Kirill"]
[Result "1/2-1/2"]
[WhiteTitle "GM"]
[BlackTitle "GM"]
[WhiteElo "2605"]
[BlackElo "2704"]
[WhiteFideId "5072786"]
[BlackFideId "4135539"]
[EventDate "2019.12.26"]
[EventType "rapid"]

1. d4 d5 2. c4 dxc4 3. Nf3 a6 4. a4 Nf6 5. e3 Bg4 6. Bxc4 e6 7. Nc3 Nc6 8. h3
Bh5 9. O-O Bd6 10. Be2 O-O 11. Nd2 Bxe2 12. Qxe2 e5 13. d5 Nb4 14. e4 Nc2 15.
Rb1 Nd4 16. Qd3 Nd7 17. Nc4 Nc5 18. Qd1 b5 19. Nxd6 cxd6 20. Be3 b4 21. Bxd4
exd4 22. Ne2 Re8 23. f3 f5 24. Nxd4 fxe4 25. fxe4 Rxe4 26. Ne6 Nxe6 27. dxe6 d5
28. Rf5 Qb6+ 29. Kh1 d4 30. Qf3 Qxe6 31. Rf1 h6 32. Rf4 Re8 33. Rxe4 Qxe4 34.
Qb3+ Kh7 35. Qxb4 Qe2 36. Rf7 d3 37. Qd4 Qe1+ 38. Kh2 Qe5+ 39. Qxe5 Rxe5 40. Rd7
Re4 41. b3 Re3 42. Rd6 a5 43. Kg1 d2 44. Rxd2 Rxb3 45. Rd5 Ra3 46. Rxa5 Ra2 47.
Ra6 h5 48. h4 Kg8 49. Ra7 Kh7 50. Ra6 Kg8 51. Kh2 Ra3 52. Ra7 Kh7 53. Ra6 Kg8
54. Ra5 Kf7 55. Rf5+ Ke6 56. Rf4 Ke5 57. Rb4 Kf5 58. Rc4 Kf6 59. Kg1 Ra2 60. Kf1
g5 61. hxg5+ Kxg5 62. Kg1 h4 63. Kh2 Kh5 64. Rc5+ Kg4 65. Rc4+ Kg5 66. Re4 Kh5
67. Rc4 Kg5 68. Kh3 Ra3+ 1/2-1/2

[Event "World Rapid 2019"]
[Site "Moscow RUS"]
[Date "2019.12.26"]
[Round "2.23"]
[White "Guseinov, Gadir"]
[Black "Romanov, Evgeny"]
[Result "1-0"]
[WhiteTitle "GM"]
[BlackTitle "GM"]
[WhiteElo "2666"]
[BlackElo "2604"]
[WhiteFideId "13401378"]
[BlackFideId "4148843"]
[EventDate "2019.12.26"]
[EventType "rapid"]

1. e4 e5 2. Nf3 Nc6 3. Bb5 g6 4. d4 exd4 5. Bg5 Be7 6. Bxe7 Qxe7 7. Bxc6 dxc6 8.
Qxd4 Nf6 9. Nc3 Bg4 10. O-O-O Bxf3 11. gxf3 O-O 12. Qe3 b6 13. Ne2 Rad8 14. Ng3
Qe6 15. Kb1 Rd7 16. h4 Rfd8 17. Rdg1 Qd6 18. a3 Qd2 19. Qb3 c5 20. h5 Rd4 21.
hxg6 hxg6 22. Nf5 c4 23. Qb5 Qxf2 24. Qe5 1-0

[Event "World Rapid 2019"]
[Site "Moscow RUS"]
[Date "2019.12.26"]
[Round "2.24"]
[White "Deviatkin, Andrei"]
[Black "Socko, Bartosz"]
[Result "0-1"]
[WhiteTitle "GM"]
[BlackTitle "GM"]
[WhiteElo "2436"]
[BlackElo "2618"]
[WhiteFideId "4121260"]
[BlackFideId "1107038"]
[EventDate "2019.12.26"]
[EventType "rapid"]

1. d4 Nf6 2. Nf3 e6 3. c3 b6 4. Bf4 Bb7 5. Nbd2 Be7 6. h3 O-O 7. e3 c5 8. Bd3
Nc6 9. O-O Re8 10. a3 Bf8 11. Qe2 d6 12. Rfd1 h6 13. Bg3 d5 14. b4 cxd4 15. cxd4
a5 16. b5 Ne7 17. Rdc1 Rc8 18. Ne5 Ne4 19. Bh2 f6 20. Nc6 Nxc6 21. bxc6 Rxc6 22.
Nxe4 dxe4 23. Bb5 Rxc1+ 24. Rxc1 Bxa3 25. Ra1 Bb4 26. Bxe8 Qxe8 27. Qc4 Bd5 28.
Qc7 b5 29. Bd6 Bxd6 30. Qxd6 a4 31. Rc1 Bc4 32. Ra1 Kf7 33. h4 Qe7 34. Qa6 Kg6
35. g4 Kh7 36. Qc6 f5 37. gxf5 Qxh4 38. fxe6 Be2 39. Qd6 Bf3 40. Qh2 Qg4+ 41.
Qg3 Qxe6 42. Rc1 a3 43. Rc7 Qf6 44. Ra7 b4 45. Kh2 Bh5 46. d5 Bf7 47. Ra5 Qb6
48. Qf4 Qxa5 49. Qxf7 Qb6 50. Qf5+ Qg6 51. Qe5 b3 52. d6 b2 0-1

[Event "World Rapid 2019"]
[Site "Moscow RUS"]
[Date "2019.12.26"]
[Round "2.25"]
[White "Zubov, Alexander"]
[Black "Donchenko, Alexander"]
[Result "1-0"]
[WhiteTitle "GM"]
[BlackTitle "GM"]
[WhiteElo "2601"]
[BlackElo "2644"]
[WhiteFideId "14109409"]
[BlackFideId "24603295"]
[EventDate "2019.12.26"]
[EventType "rapid"]

1. d4 Nf6 2. Nf3 d5 3. c4 e6 4. e3 a6 5. b3 c5 6. Bb2 cxd4 7. exd4 Bd6 8. Bd3
O-O 9. O-O b6 10. Qe2 Bb7 11. Nbd2 Qe7 12. Rad1 Nc6 13. Ne5 Ba3 14. Ba1 Rfd8 15.
Ndf3 dxc4 16. bxc4 Nxe5 17. Nxe5 Nd7 18. f4 Rac8 19. Rb1 b5 20. c5 Nxe5 21. fxe5
Qh4 22. Rb3 Rxd4 23. Rxa3 Rg4 24. Rf2 b4 25. Ra5 Rd8 26. c6 Bxc6 27. Rxa6 Be4
28. Rd6 Rc8 29. Bb2 Bc6 30. Qd2 h5 31. Be2 Rg6 32. Rd4 Qh3 33. Bf1 Bd5 34. Rxb4
Ra8 35. a3 Rc8 36. a4 Rd8 37. Rd4 Qb3 38. Bc4 Qb6 39. Bxd5 exd5 40. h3 Qe6 41.
Rdf4 Qxh3 42. Rxf7 d4 43. R7f4 d3 44. R4f3 Qd7 45. a5 h4 46. Kh2 Qd5 47. Bc3 Qc4
48. Rf4 Qc5 49. R2f3 Qc6 50. Rxh4 Rd7 51. Rhh3 Qe4 52. Rfg3 Rc6 53. Rxd3 Rxd3
54. Qxd3 Qf4+ 55. Qg3 Qe4 56. e6 1-0

[Event "World Rapid 2019"]
[Site "Moscow RUS"]
[Date "2019.12.26"]
[Round "2.26"]
[White "Vishnu Prasanna, V"]
[Black "Ponkratov, Pavel"]
[Result "0-1"]
[WhiteTitle "GM"]
[BlackTitle "GM"]
[WhiteElo "2493"]
[BlackElo "2632"]
[WhiteFideId "5030692"]
[BlackFideId "4157800"]
[EventDate "2019.12.26"]
[EventType "rapid"]

1. d4 Nf6 2. c4 e6 3. Nf3 c5 4. Nc3 cxd4 5. Nxd4 Nc6 6. Bf4 d5 7. e3 Bb4 8. Qc2
O-O 9. O-O-O Bxc3 10. Qxc3 Ne4 11. Qe1 Qb6 12. f3 Nc5 13. Kb1 e5 14. Nxc6 Qxc6
15. Bxe5 Bf5+ 16. Kc1 Qa4 17. Qc3 Qxa2 18. Kd2 f6 19. Bd4 Nb3+ 20. Ke1 Rfc8 21.
Kf2 Qa4 22. Be2 dxc4 23. Bxf6 gxf6 24. Qxf6 Rf8 25. Qg5+ Kh8 26. Rd6 Nc5 27. e4
Qc2 28. Qe3 Nd3+ 29. Kg3 Rg8+ 30. Kh4 Qxb2 31. Bxd3 Rxg2 32. exf5 Rxh2+ 33. Kg3
Rxh1 34. Bxc4 Qh2+ 0-1

[Event "World Rapid 2019"]
[Site "Moscow RUS"]
[Date "2019.12.26"]
[Round "2.27"]
[White "Laznicka, Viktor"]
[Black "Atabayev, Maksat"]
[Result "1-0"]
[WhiteTitle "GM"]
[BlackTitle "GM"]
[WhiteElo "2648"]
[BlackElo "2475"]
[WhiteFideId "316385"]
[BlackFideId "14001101"]
[EventDate "2019.12.26"]
[EventType "rapid"]

1. d4 Nf6 2. c4 e6 3. Nf3 b6 4. Bf4 Bb7 5. e3 Bb4+ 6. Nbd2 O-O 7. Be2 Nh5 8. Bg5
Be7 9. Bxe7 Qxe7 10. O-O d6 11. b4 Nd7 12. Qb3 Nhf6 13. Rfd1 c5 14. bxc5 dxc5
15. a4 Rab8 16. a5 cxd4 17. exd4 e5 18. d5 b5 19. d6 Qxd6 20. cxb5 Bd5 21. Qe3
Qc7 22. Rdc1 Qb7 23. a6 Qa8 24. Rc7 Nb6 25. Rac1 Rfe8 26. h3 Bxf3 27. Bxf3 e4
28. Nxe4 Nxe4 29. Rxf7 Kxf7 30. Rc7+ Kg8 31. Qd4 Nf6 32. Bxa8 Rxa8 33. Rb7 Red8
34. Qe5 Rd7 35. g4 h6 36. h4 Re8 37. Qf5 Rd4 38. g5 hxg5 39. hxg5 Nfd7 40. Rxa7
Rf8 41. Qe6+ Kh8 42. Rb7 Rd5 43. g6 Rg5+ 44. Kf1 Rgf5 45. Qe3 Kg8 46. Qe6+ Kh8
47. Qe3 Rf3 48. Qd4 R3f4 49. Qd2 Nc4 50. Qe2 Nf6 51. a7 Ng4 52. Rb8 Nxf2 53.
Rxf8+ Rxf8 54. Qh5+ 1-0

[Event "World Rapid 2019"]
[Site "Moscow RUS"]
[Date "2019.12.26"]
[Round "2.28"]
[White "Kazakouski, Valery"]
[Black "Shirov, Alexei"]
[Result "1/2-1/2"]
[WhiteTitle "IM"]
[BlackTitle "GM"]
[WhiteElo "2485"]
[BlackElo "2684"]
[WhiteFideId "13507443"]
[BlackFideId "2209390"]
[EventDate "2019.12.26"]
[EventType "rapid"]

1. d4 d5 2. c4 c6 3. Nf3 Nf6 4. Qc2 dxc4 5. Qxc4 Bg4 6. Nc3 Nbd7 7. e4 Bxf3 8.
gxf3 e5 9. Be3 exd4 10. Bxd4 Bd6 11. O-O-O Qe7 12. Be3 Ne5 13. Qd4 Bb4 14. f4
Nf3 15. Qc4 O-O 16. e5 Ng4 17. Be2 Nxe3 18. fxe3 Nh4 19. Ne4 Rad8 20. Bg4 b5 21.
Qc2 f5 22. exf6 gxf6 23. Rxd8 Rxd8 24. Nxf6+ Kh8 25. Ne4 Re8 26. Ng5 Qxe3+ 27.
Kb1 Ng6 28. Rf1 Qd2 29. Ne6 Nf8 30. f5 Qxc2+ 31. Kxc2 Nxe6 32. fxe6 Rf8 33. Rf3
Kg7 34. Rxf8 1/2-1/2

[Event "World Rapid 2019"]
[Site "Moscow RUS"]
[Date "2019.12.26"]
[Round "2.29"]
[White "Gurvich, Vitaly"]
[Black "Shimanov, Aleksandr"]
[Result "1/2-1/2"]
[WhiteTitle "FM"]
[BlackTitle "GM"]
[WhiteElo "2230"]
[BlackElo "2587"]
[WhiteFideId "24164852"]
[BlackFideId "4198603"]
[EventDate "2019.12.26"]
[EventType "rapid"]

1. d4 Nf6 2. c4 e6 3. Nf3 Bb4+ 4. Bd2 Qe7 5. g3 Nc6 6. Nc3 O-O 7. Bg2 d5 8. a3
Bxc3 9. Bxc3 Rd8 10. O-O a5 11. Rc1 a4 12. Ne5 Bd7 13. Nxd7 Qxd7 14. Qd3 Ne7 15.
e3 c6 16. Rfd1 Nf5 17. Bb4 Nd6 18. Bxd6 Qxd6 19. e4 dxe4 20. Bxe4 Rd7 21. Qe3
Qc7 22. Bf3 Rad8 23. Kg2 Qa5 24. Rc2 h6 25. Rcd2 Ne8 26. d5 cxd5 27. cxd5 Nf6
28. d6 Ne8 29. Qf4 g5 30. Qb4 Qxb4 31. axb4 Rxd6 32. Rxd6 Nxd6 33. b5 Kf8 34.
Rd4 Ke7 35. Rxa4 Rc8 36. Ra7 Rc2 37. b6 Rxb2 38. Bxb7 Rxb6 39. Bf3+ Kf6 40. Ra2
Rb4 41. h3 Nc4 42. Rc2 Ke5 43. Re2+ Kd6 44. Rc2 f5 45. Be2 Ne5 46. Rd2+ Ke7 47.
Ra2 Kf6 48. Ra8 Rb2 49. Kf1 Nc6 50. Rf8+ Kg7 51. Re8 Nd4 52. Bc4 Rb6 53. Rd8 Nf3
54. Kg2 Ne5 55. Be2 Rb7 56. Re8 Kf6 57. Rf8+ Rf7 58. Ra8 Re7 59. Rf8+ Kg7 60.
Ra8 Nd7 61. Ra7 Kf6 62. Ra8 Nc5 63. Rf8+ Kg7 64. Rc8 Ne4 65. Bf3 Nf6 66. g4 f4
67. Rc4 e5 68. Be4 Rd7 69. Bf5 Re7 70. Kf3 Ra7 71. Kg2 Kf7 72. Rb4 Ke7 73. Rc4
Rb7 74. Ra4 Rc7 75. Rb4 Kf7 76. Ra4 Re7 77. Kf3 Kg7 78. Be4 Rc7 79. Bf5 Rb7 80.
Kg2 h5 81. Ra5 Re7 82. f3 h4 83. Rb5 Kf7 84. Ra5 Ne8 85. Ra6 Nf6 86. Ra5 Kg7 87.
Rb5 Kf8 88. Ra5 Re8 89. Bg6 Re6 90. Bf5 Re7 91. Rb5 Ne8 92. Rb6 Ng7 93. Be4 Ne6
94. Bd5 Nc7 95. Be4 Re6 96. Rb7 Re7 97. Rb6 Rg7 98. Rc6 Ke8 99. Rc5 Re7 100. Rc6
Kf8 101. Rf6+ Rf7 102. Rc6 Rd7 103. Rf6+ Rf7 104. Rc6 Rd7 105. Rf6+ Ke7 106. Rf5
Rd2+ 107. Kg1 Ne6 108. Rxe5 Kd6 109. Rf5 Rd1+ 110. Kg2 Rd2+ 111. Kg1 Nd4 112.
Rxg5 Ne2+ 113. Kg2 Ng3+ 114. Kg1 Ne2+ 115. Kg2 Ng3+ 1/2-1/2